| 000 | 00373 a2200133 4500 | ||
|---|---|---|---|
| 001 | 88267 | ||
| 082 | _aPR 493 | ||
| 090 |
_c41681 _d41681 |
||
| 100 | _aAtif Suleman | ||
| 245 | _aEffects of stacking sequence on dynamic behaviour of composite beams using finite element method | ||
| 260 |
_aRisalpur _bNUST Risalpur _c2000 |
||
| 300 | _a59p. | ||
| 500 | _aBE Project Reports | ||
| 942 |
_aCAE NUST _kPR 493 |
||
| 999 |
_c323340 _d323340 |
||